| 000 -LEADER |
| fixed length control field |
01131nam a22001937a 4500 |
| 005 - DATE AND TIME OF LATEST TRANSACTION |
| control field |
20241009134308.0 |
| 008 - FIXED-LENGTH DATA ELEMENTS--GENERAL INFORMATION |
| fixed length control field |
241009b ||||| |||| 00| 0 eng d |
| 040 ## - CATALOGING SOURCE |
| Transcribing agency |
SSBUL |
| 041 ## - LANGUAGE CODE |
| Language code of text/sound track or separate title |
Myanmar |
| 082 ## - DEWEY DECIMAL CLASSIFICATION NUMBER |
| Edition number |
23 |
| Classification number |
၂၉၄.၃၄၂၁၁ စိန် |
| Item number |
S-SAT |
| 100 0# - MAIN ENTRY--PERSONAL NAME |
| Personal name |
စိန်ဝင်း၊ ဦး၊ ဥတ္တရဘုမ္မာ |
| 9 (RLIN) |
54964 |
| 245 1# - TITLE STATEMENT |
| Title |
နတ် (၃၇) ပါးပသနည်းနှင့် တောင်ပြုံးပွဲ ရတနာ့ဂူပွဲ နတ်သမိုင်း / |
| Remainder of title |
ဥတ္တရဘုမ္မာဆရာစိန်ဝင်း၊ တည်းဖြတ်သူ မြတ်လှသော်။ |
| 260 ## - PUBLICATION, DISTRIBUTION, ETC. |
| Place of publication, distribution, etc. |
ရန်ကုန် ၊ |
| Name of publisher, distributor, etc. |
အသိုင်းအဝိုင်းစာပေ၊ |
| Date of publication, distribution, etc. |
၁၉၉၃။ |
| 300 ## - PHYSICAL DESCRIPTION |
| Extent |
၁၅၃ စာမျက်နှာ ၊ |
| Dimensions |
၁၈ စင်တီ။ |
| 500 ## - GENERAL NOTE |
| General note |
S-SAT: Dr. Sai Aung Tun |
| 650 ## - SUBJECT ADDED ENTRY--TOPICAL TERM |
| Topical term or geographic name entry element |
ဗုဒ္ဓဘာသာ |
| General subdivision |
နတ်ကိုးကွယ်မှု |
| Form subdivision |
သမိုင်း |
| 9 (RLIN) |
54965 |
| 700 0# - ADDED ENTRY--PERSONAL NAME |
| Personal name |
မြတ်လှဘေ် |
| Relator term |
တည်းဖြတ်သူ |
| 9 (RLIN) |
54966 |
| 942 ## - ADDED ENTRY ELEMENTS (KOHA) |
| Source of classification or shelving scheme |
|
| Koha item type |
Book (Short term) |